| 000 | 00459nam a2200145Ia 4500 | ||
|---|---|---|---|
| 008 | 150223s9999 xx 000 0 und d | ||
| 020 | _a9780071088671 | ||
| 050 |
_aLB 1028 _b.F799 2008 |
||
| 100 | _aFraenkel, Jack R. | ||
| 245 |
_aHow to design and evaluate research education/ _cJack R. Fraenkel. |
||
| 250 | _aSeventh | ||
| 260 |
_a New York : _bMcGraw-Hill , _c2008 |
||
| 300 |
_a642 pages : _bIllustration ; _c25 cm. |
||
| 504 | _aIncludes appendix, Index. | ||
| 999 |
_c283257 _d283257 |
||